| 000 | 01040pam a2200301 a 4500 | ||
|---|---|---|---|
| 001 | 1244 | ||
| 005 | 20231204142246.0 | ||
| 020 | _a0531058050 : | ||
| 020 | _a9780545085359 | ||
| 020 | _a0531084051 (lib. bdg.) | ||
| 040 |
_aDLC _cDLC _dDLC _beng |
||
| 050 | 0 | 0 |
_aPZ7.P2843 _bVo 2009. |
| 082 | 0 | 0 |
_a[Fic] _219 |
| 100 | 1 | _aPaulsen, Gary | |
| 245 | 1 | 4 |
_aThe voyage of the Frog / _cGary Paulsen. |
| 260 |
_aNew York : _bScholastic, _c2009. |
||
| 300 |
_a141 pages : _bIllustrations, maps ; _c20 cm |
||
| 500 | _a"A Richard Jackson book"--Half t.p. | ||
| 505 | _aZ | ||
| 520 | _aWhen David goes out on his sailboat to scatter his recently deceased uncle's ashes to the wind, he is caught in a fierce storm and must survive many days on his own as he works out his feelings about life and his uncle. | ||
| 521 |
_a1020
_bLexile |
||
| 521 |
_aZ
_bRaz-Plus |
||
| 650 | 1 |
_aSurvival _xFiction. |
|
| 650 | 1 |
_aUncles _xFiction. |
|
| 650 | 1 | _aSea stories. | |
| 906 |
_a7 _bcbc _corignew _d1 _eocip _f19 _gy-gencatlg |
||
| 942 |
_2ddc _cBK _n0 |
||
| 999 |
_c1244 _d1244 |
||